| 000 | 00000nam##2200000za#4500 |
| 001 | 9.643161 |
| 003 | CaOODSP |
| 005 | 20210624224036 |
| 007 | cr ||||||||||| |
| 008 | 150407|1992||||xxc|||||o f|0| 0 fre|d |
| 040 | |aCaOODSP|bfre |
| 043 | |an-cn--- |
| 086 | 1 |aA53-1883/1992F-PDF |
| 110 | 1 |aCanada.|bAgriculture Canada. |bDirection générale de recherche. |
| 245 | 10|aGestion du pâturage dans les herbages naturels. Manuel n° 1, Prairie à fétuque des avant-monts des Rocheuses / |h[ressource électronique]|c[par] W.D. Willms, B.W. Adams [et] J.F. Dormaar. |
| 260 | |aOttawa - Ontario : |bAgriculture Canada. |c1992. |
| 300 | |a36p.|bréférences, tableau, photographies |
| 500 | |aPublication historique numérisée par Agriculture et Agroalimentaire Canada. Sommaire: Introduction.--Espèces végétales.--État du parcours.--Taux de chargement.--Durée de pâturage.--Régimes de pâturage.--Parcours surpâturés.--Espèces recommandées pour la prairie à fétuque des avant-monts.--Rétablissement de la prairie naturelle.--Espèces non voulues.--Autres perturbations.--Bibliographie. |
| 590 | |a14-11-Supp|b2014-05-21 |
| 691 | 07|aÉcosystème prairial|2gcpds |
| 691 | 07|aPâturage|2gcpds |
| 775 | 08|tGrazing management of native grasslands. Handbook 1. Foothills fescue prairie / |w(CaOODSP)9.699207 |
| 776 | 0#|tGestion du pâturage dans les herbages naturels, manuel n° 1: Prairie à fétuque des avant-monts des Rocheuses / |w(CaOODSP)9.678900 |
| 856 | 40|ahttp://publications.gc.ca|qPDF|s2.4 Mo|uhttps://publications.gc.ca/collections/collection_2014/aac-aafc/agrhist/A53-1883-1992-fra.pdf |
| 986 | |a1883/F |